Responses for Show #4775 - Friday, May 13, 2005

2005 Ultimate Tournament of Champions Round 3, game 5.

Contestants

[<< previous game]

Lan Djang, a health policy analyst from Toronto, Ontario, Canada

Chris Miller, a retail specialist from Louisville, Kentucky

Matt Zielenski, a research analyst originally from Broadview Heights, Ohio

[next game >>]

Jeopardy! Round responses

GEOMETRY
NFL HOME STADIUMS
(Alex: You have to identify the team.)
WE'RE GONNA MAKE YOU WINE
MIDDLE EARTH
SING A SONG OF SING SING
3-LETTER THE BETTER
    $200 1
Euclid

Lan
    $200 2
the Denver Broncos

Lan
    $200 14
honey

Matt
    $200 11
Indonesia

Lan
    $200 26
the Hudson

Lan
    $200 21
(Alex: ...a [*] is a doctor of veterinary medicine, and when I take my llama to the [*], he calls him [**].)

a vet (doc accepted)

Chris
    $400 5
(Alex: That's right, they have to total 360.)

100 degrees

Lan
    $400 3
the Pittsburgh Steelers

Chris
    $400 15
table

Matt
    $400 12
Lake Victoria

Lan
    $400 27
the electric chair

Lan
    $400 22
Bud

Chris
    $600 8
(Matt: What is a cylinder?)

a cone

MattChris
    $600 4
the San Francisco 49ers

Matt
    $600 16
Muscat

Lan
    $600 13
Mount Kilimanjaro

Matt
    $600 28
women

Matt
    $600 23
an ell

Lan
    $800 9
a spheroid

Chris
    $800 6
the Bengals

Lan
    $800 19
(Matt: What are wineries?)
...
(Alex: Chateau Cochon Rouge, "red pig", I don't know if you'd want to do that.)

years

Matt
Triple Stumper
    $1,600 17
(Lan: What are Ecuador, Colombia, and Venezuela?)
...
(Alex: Brazil in South America encompasses almost everything.)

Ecuador, Colombia & Brazil

Lan
    $800 29
(Matt: Who is Sister Prejean?)

Mother Teresa

MattLan
    $800 24
(Alex: Fifth [*], third [*].)

dan

Triple Stumper
    $1000 10
(Lan: What is 10 feet?)

12 feet

Lan
Triple Stumper
    $1000 7
the Rams

Chris
    $1000 20
Stag's Leap

Triple Stumper
    $1000 18
Equatorial Guinea

Chris
    $1000 30
20,000

Triple Stumper
    $1000 25
(Chris: What is sud?)

sur

Chris
Triple Stumper

Scores at the first commercial break (after clue 16):

Matt Chris Lan
$1,200 $2,800 $1,800

Scores at the end of the Jeopardy! Round:

Matt Chris Lan
$200 $3,400 $2,200

Double Jeopardy! Round responses

(Alex: Once again we are honoring CNN's 25th anniversary, and today, the category is...)
CNN 25: PEOPLE
SEAN PENN, THIS IS YOUR MOVIE
DEMOCRATIC PRESIDENTIAL CONTENDERS 2004
UNIVERSITIES BY ALUMNI
(Alex: We need both the author and the title in...)
POEM & POET
BE A "HEP" CAT
    $400 1
Kim Jong-il

Lan
    $400 6
Fast Times at Ridgemont High

Lan
    $400 11
Howard Dean

Chris
    $400 17
Stanford

Chris
    $400 26
"Trees" by Joyce Kilmer

Chris
    $400 16
Katharine Hepburn

Matt
    $800 2
Sally Ride

Chris
    $800 7
Dead Man Walking

Matt
    $800 12
Clark

Matt
    $800 21
Michigan

Chris
    $800 27
Tennyson, "Charge of the Light Brigade"

Matt
    $800 18
hepatitis

Chris
    $1200 3
King Abdullah

Lan
    $1200 8
Colors

Chris
    $1,800 13
Gephardt

Matt
    $1200 24
(Alex: That's a toughie. [*].)

University of Nebraska

Triple Stumper
    $1200 28
"The Raven" by Edgar Allan Poe

Chris
    $1200 19
the heptathlon

Chris
    $1600 4
Shannon Faulkner

Triple Stumper
    $1600 9
Casualties of War

Lan
    $1600 14
Dennis Kucinich

Matt
    $1,800 23
(Alex: [*] is right, yes--A Beautiful Mind.)

Princeton

Lan
    $1600 29
(Matt: What is "Ozymandias" by Keats?)

"Ozymandias" by Shelley

MattChris
    $1600 20
Hephaestus

Matt
    $2000 5
(Bobbi) McCaughey

Chris
    $2000 10
Carlito's Way

Triple Stumper
    $2000 15
Carol Moseley Braun

Chris
    $2000 25
Oregon

Chris
    $2000 30
(Alex: Yes! Well done, young man.)

"Dover Beach" by Arnold

Matt
    $2000 22
heptahedron

Lan

Scores at the end of the Double Jeopardy! Round:

Matt Chris Lan
$8,400 $18,200 $9,600

[wagering suggestions for these scores]

Final Jeopardy! Round responses

NATIONAL ANTHEMS
MattWhat are India + Sri Lanka?
$8,400
LanWhat are India + Sri Lanka
$8,650
ChrisWhat are India and Bangladesh?
$1,001
India & Bangladesh

Final scores:

Matt Chris Lan
$0 $19,201 $950
3rd place: $15,000 Winner: $30,000 + an advance to UToC Round 4 2nd place: $15,000

Game dynamics:

Coryat scores:

Matt Chris Lan
$7,800 $18,200 $11,000
13 R
(including 1 DD),
4 W
20 R,
1 W
17 R
(including 1 DD),
2 W
(including 1 DD)

Combined Coryat: $37,000

[game clues] [game scores] [suggest correction]

Game tape date: 2005-04-13
The J! Archive is created by fans, for fans. Scraping, republication, monetization, and malicious use prohibited; this site may use cookies and collect identifying information. See terms. The Jeopardy! game show and all elements thereof, including but not limited to copyright and trademark thereto, are the property of Jeopardy Productions, Inc. and are protected under law. This website is not affiliated with, sponsored by, or operated by Jeopardy Productions, Inc. Join the discussion at JBoard.tv.